| 000 | 01922cam a22003131 4500 | ||
|---|---|---|---|
| 001 | gs 15000546 | ||
| 003 | DLC | ||
| 005 | 20260227111318.0 | ||
| 008 | 780411m18631886ii af b f000 0 eng c | ||
| 010 | _ags 15000546 | ||
| 035 | _a(OCoLC)3793903 | ||
| 040 |
_aU. S. Geological Survey, Library _cGU _dGU _dDLC |
||
| 042 | _apremarc | ||
| 050 | 0 | 0 |
_aQE756.I4 _bA3 ser. 2, 11, 12 |
| 110 | 2 | _aGeological Survey of India. | |
| 245 | 1 | 0 |
_a... Fossil flora of the Gondwana system ... _cby T. Oldham ... J. Morris ... [and] Ottokar Feistmantel ... |
| 260 |
_aCalcutta, _bGeological Survey Office [etc., etc.] _c1863-86. |
||
| 300 |
_a4 v. _billus., plates (part col., part fold.) _c35 cm. |
||
| 490 | 0 | _aPalæontologia indica [ser. 2, 11, 12] | |
| 500 | _aAt head of title: Memoirs of the Geological Survey of India. | ||
| 500 | _aOnly v. 1, pt. 1. is by T. Oldham and J. Morris, the rest is by O. Feistmantel. | ||
| 504 | _aContains bibliographies. | ||
| 505 | 0 | _av. 1. pt. 1. Fossil flora of the Rajmahal series in the Rajmahal hills. 1863. pt. 2. Jurassic (Liassic) flora of the Rajmahal group in the Rajmahal hills. 1877. pt. 3. Jurassic (Liassic) flora of the Rajmahal group from Golapili, near Ellore, South Godavari. 1877. pt. 4. Upper Gondwana flora of the outliers on the Madras coast. 1879.--v. 2. pt. 1. Jurassic (Oolitic) flora of Kach. 1876. pt. 2. Flora of the Jabalpur group (Upper Gondwanas) in theSon-Narbada region. 1877.--v. 3. pt. 1. The flora of the Talchir-Karharbari beds. 1879-81. pt. 2-3. The flora of the Damuda-Panchet divisions. 1880-81.--v. 4. pt. 1. The fossil flora of the South Rewah Gondwána basin. 1882. pt. 2. The fossil flora of some of the coalfields in western Bengal. 1886. | |
| 650 | 0 |
_aPaleobotany _zIndia. |
|
| 650 | 0 |
_aPaleobotany _yJurassic. |
|
| 700 | 1 |
_aOldham, Thomas, _d1816-1878. |
|
| 700 | 1 |
_aMorris, John, _d1810-1886. |
|
| 700 | 1 | _aFeistmantel, Ottokar, 1848-1891. | |
| 999 |
_c25543 _d25543 |
||